01006nam a2200277 i 4500001001000000003000900010005001700019007000300036008004100039020001500080040003000095041000800125082002800133100004000161245009200201264003700293300004500330336002700375337003300402338002800435500007400463504004000537651005000577651005300627651004800680000002163DO-SdBNP20260521132944.0ta090701t1984 dr a 001 0 spa d a848952517X aDO-SdBNPbspacBNPHUerda hspa 4a303.44097293bC951s2221 aCross Beras, Julio A.,eautor4aut.10aSociedad y desarrollo en República Dominicana :b1844 - 1899 /cJulio A. Cross Beras. 4aSanto Domingo :bINTEC,c©1984. a262 páginas :bilustraciones ;c21 cm. atextobtxt2rdacontent asin mediaciónbn2rdamedia avolumenbnc2rdacarrier aIncluye referencias bibliográficas y notas al pie de las páginas. aBibliografía : páginas 241-262. 4aRepública DominicanayCondiciones sociales  4aRepública DominicanaxCondiciones económicas 4aRepública DominicanayHistoriay1844-1930